<?xml version="1.0" encoding="UTF-8"?>
<record
    xmlns:xsi="http://www.w3.org/2001/XMLSchema-instance"
    xsi:schemaLocation="http://www.loc.gov/MARC21/slim http://www.loc.gov/standards/marcxml/schema/MARC21slim.xsd"
    xmlns="http://www.loc.gov/MARC21/slim">

  <leader>01544nam a2200205Ia 4500</leader>
  <datafield tag="952" ind1=" " ind2=" ">
    <subfield code="0">0</subfield>
    <subfield code="1">0</subfield>
    <subfield code="4">0</subfield>
    <subfield code="7">0</subfield>
    <subfield code="a">04</subfield>
    <subfield code="b">04</subfield>
    <subfield code="d">2012-01-16</subfield>
    <subfield code="l">30</subfield>
    <subfield code="m">2</subfield>
    <subfield code="o">BF176 A5518 2003 </subfield>
    <subfield code="p">04 003862</subfield>
    <subfield code="r">2023-08-01</subfield>
    <subfield code="s">2023-07-27</subfield>
    <subfield code="t">1</subfield>
    <subfield code="w">2012-06-24</subfield>
    <subfield code="y">LB</subfield>
  </datafield>
  <datafield tag="999" ind1=" " ind2=" ">
    <subfield code="c">63038</subfield>
    <subfield code="d">63038</subfield>
  </datafield>
  <controlfield tag="008">120625s2003    mx            000 0 spa d</controlfield>
  <datafield tag="020" ind1=" " ind2=" ">
    <subfield code="a">9702604311</subfield>
  </datafield>
  <datafield tag="050" ind1=" " ind2="4">
    <subfield code="a">BF176 </subfield>
    <subfield code="b">A5518 2003 </subfield>
  </datafield>
  <datafield tag="100" ind1="1" ind2="0">
    <subfield code="a">Aiken, Lewis R., 1931-</subfield>
    <subfield code="e">autor</subfield>
  </datafield>
  <datafield tag="245" ind1="1" ind2="0">
    <subfield code="a">Tests psicol&#xF3;gicos y evaluaci&#xF3;n</subfield>
    <subfield code="c"> / Lewis R. Aiken ; traducci&#xF3;n Mar&#xED;a Elena Ortiz Salinas, Gabriela Montes de Oca Vega.</subfield>
  </datafield>
  <datafield tag="250" ind1=" " ind2=" ">
    <subfield code="a">11a. edici&#xF3;n</subfield>
  </datafield>
  <datafield tag="260" ind1=" " ind2=" ">
    <subfield code="a">M&#xE9;xico </subfield>
    <subfield code="b"> : Pearson Education</subfield>
    <subfield code="c"> , 2003</subfield>
  </datafield>
  <datafield tag="300" ind1=" " ind2=" ">
    <subfield code="a">xv, 528 p&#xE1;ginas </subfield>
    <subfield code="c">; 23 cm.</subfield>
  </datafield>
  <datafield tag="500" ind1=" " ind2=" ">
    <subfield code="a">Traducci&#xF3;n de: Psychological testing and assessment.</subfield>
  </datafield>
  <datafield tag="505" ind1=" " ind2=" ">
    <subfield code="a">Temas hist&#xF3;ricos y profesionales
Dise&#xF1;o y elaboraci&#xF3;n de tests
Administraci&#xF3;n, aplicaci&#xF3;n y calificaci&#xF3;n de los tests
An&#xE1;lisis de reactivos y estandarizaci&#xF3;n de pruebas
Confiabilidad y validez
Pruebas de aprovechamiento estandarizadas
Tests de inteligencia
Diferencias individuales y de grupo en las las habilidades metales
Evaluaci&#xF3;n del desarrollo y neuropsicol&#xF3;gica
Evaluaci&#xF3;n de habilidades especiales 
Aplicaciones y problemas en las pruebas de habilidad
Intereses vocacionales
Actitudes, valores y orientaciones personales 
Evaluaci&#xF3;n de la personalidad: or&#xED;genes, aplicaciones y problemas
Observaciones y entrevistas
Listas de verificaci&#xF3;n y escalas de calificaci&#xF3;n
Inventarios de personalidad
T&#xE9;cnicas proyectivas
Estad&#xED;sticas descriptivas </subfield>
  </datafield>
  <datafield tag="519" ind1=" " ind2=" ">
    <subfield code="a">Plan Flexible /</subfield>
    <subfield code="b">Pedagog&#xED;a /</subfield>
    <subfield code="c">Psicot&#xE9;cnica pedag&#xF3;gica (B08) /</subfield>
    <subfield code="d">(04 003862)</subfield>
  </datafield>
  <datafield tag="650" ind1=" " ind2="0">
    <subfield code="a">PRUEBAS PSICOLOGICAS</subfield>
  </datafield>
  <datafield tag="700" ind1=" " ind2=" ">
    <subfield code="a">Ortiz Salinas, Mar&#xED;a Elena</subfield>
    <subfield code="e">traductor</subfield>
  </datafield>
  <datafield tag="942" ind1=" " ind2=" ">
    <subfield code="c">LB</subfield>
  </datafield>
</record>
